Adivina el DJ. - Estadísticas

Estadísticas generales
  • Esta prueba ha sido intentada 15 veces
  • La puntuación promedio es 6 de 16
Estadísticas de respuestas
Imagen Respuesta % Correcto
Avicii
92%
Martin Garrix
92%
David Guetta
83%
Calvin Harris
58%
Hardwell
42%
Timmy Trumpet
42%
Charlotte de Witte
33%
Nervo
33%
Dimitri Vegas & Like Mike
25%
Alok
17%
Amelie Lens
17%
Armin Van Buuren
17%
Peggy Gou
17%
Fedde Le Grand
8%
Indira Paganotto
8%
Mariana Bo
8%
No se encontraron pruebas coincidentes
Distribución de puntuación
Porcentaje de gente con cada puntuación
Porcentaje por número respondido
Historial de tus puntuaciones
No has intentado esta prueba.